Marketing management: knowledge and skills. / (Record no. 7771)
[ view plain ]
| 000 -LEADER | |
|---|---|
| fixed length control field | 02194cam a22003254a 4500 |
| 001 - CONTROL NUMBER | |
| control field | 12654262 |
| 003 - CONTROL NUMBER IDENTIFIER | |
| control field | OSt |
| 005 - DATE AND TIME OF LATEST TRANSACTION | |
| control field | 20210924134445.0 |
| 008 - FIXED-LENGTH DATA ELEMENTS--GENERAL INFORMATION | |
| fixed length control field | 020124s2003 maua b 001 0 eng |
| 010 ## - LIBRARY OF CONGRESS CONTROL NUMBER | |
| LC control number | 2002019869 |
| 020 ## - INTERNATIONAL STANDARD BOOK NUMBER | |
| International Standard Book Number | 0256226334 |
| 020 ## - INTERNATIONAL STANDARD BOOK NUMBER | |
| International Standard Book Number | 0071154604 |
| 040 ## - CATALOGING SOURCE | |
| Original cataloging agency | DLC |
| Transcribing agency | DLC |
| Modifying agency | DLC |
| 042 ## - AUTHENTICATION CODE | |
| Authentication code | pcc |
| 050 00 - LIBRARY OF CONGRESS CALL NUMBER | |
| Classification number | HF5415.13.P38 |
| 082 00 - DEWEY DECIMAL CLASSIFICATION NUMBER | |
| Classification number | 658.8 |
| Edition number | 21 |
| 100 1# - MAIN ENTRY--PERSONAL NAME | |
| Personal name | Peter, J. Paul. |
| 245 12 - TITLE STATEMENT | |
| Title | Marketing management: knowledge and skills. / |
| Statement of responsibility, etc. | J. Paul Peter and James H. Donnelly, Jr. |
| 250 ## - EDITION STATEMENT | |
| Edition statement | 5th ed. |
| 260 ## - PUBLICATION, DISTRIBUTION, ETC. | |
| Place of publication, distribution, etc. | Boston: |
| Name of publisher, distributor, etc. | Irwin/McGraw-Hill, |
| Date of publication, distribution, etc. | 1998. |
| 300 ## - PHYSICAL DESCRIPTION | |
| Extent | xv, 944 p. : |
| Other physical details | ill. (some col.) ; |
| 440 #4 - SERIES STATEMENT/ADDED ENTRY--TITLE | |
| Title | The Irwin/McGraw-Hill series in marketing |
| 504 ## - BIBLIOGRAPHY, ETC. NOTE | |
| Bibliography, etc. note | Includes bibliographical references and indexes. |
| 505 ## - FORMATTED CONTENTS NOTE | |
| Formatted contents note | Contents: Essentials of marketing management : A. Introduction: Strategic planning and the marketing management process -- <br/>B. Marketing, information, research, and understanding the target market: Marketing decision support systems and marketing research -- Consumer behavior -- Organizational buyer behavior -- Market segmentation -- C. The Marketing mix: Product strategy -- New product planning and development -- Promotion strategy: advertising and sales promotion -- Promotion strategy: personal selling -- Distribution strategy -- Pricing strategy -- D. Marketing in special fields: The Marketing of services -- Global marketing -- <br/>E. Marketing response to a changing society -- Marketing management: social and ethical dimensions -- Analyzing marketing problems and cases -- Financial analysis for marketing decisions -- Marketing management cases: Case group A: Marketing opportunity analysis -- Case group B: Product strategy -- Case group C: Promotion strategy -- Case group D: Distribution strategy -- Case group E: Pricing strategy -- Case group F: Selected issues in marketing management -- Developing marketing plans -- Secondary data sources -- |
| 650 #0 - SUBJECT ADDED ENTRY--TOPICAL TERM | |
| Topical term or geographic name entry element | Marketing |
| General subdivision | Management. |
| 700 1# - ADDED ENTRY--PERSONAL NAME | |
| Personal name | Donnelly, James H. |
| 906 ## - LOCAL DATA ELEMENT F, LDF (RLIN) | |
| a | 7 |
| b | cbc |
| c | orignew |
| d | 1 |
| e | ocip |
| f | 20 |
| g | y-gencatlg |
| 942 ## - ADDED ENTRY ELEMENTS (KOHA) | |
| Source of classification or shelving scheme | Library of Congress Classification |
| Koha item type | Books |
| Withdrawn status | Lost status | Source of classification or shelving scheme | Damaged status | Not for loan | Home library | Current library | Shelving location | Date acquired | Source of acquisition | Total Checkouts | Full call number | Barcode | Date last seen | Price effective from | Koha item type |
|---|---|---|---|---|---|---|---|---|---|---|---|---|---|---|---|
| Library of Congress Classification | WISCONSIN INTERNATIONAL UNIVERSITY COLLEGE, GHANA KUMASI LIBRARY | WISCONSIN INTERNATIONAL UNIVERSITY COLLEGE, GHANA KUMASI LIBRARY | General Stacks | 30/10/2019 | STM | HF5415.13.P38 | K/994/994/19 | 24/09/2021 | 24/09/2021 | Books |
